The adventures of Tintin : Volume 2

Bibliographic Details
Main Author: Herge
Corporate Author: Title
Format: Book
Published: London : Egmont , 1992
Subjects:

MARC

LEADER 00000cam a2200000 7i4500
001 0000002131
005 20151222.0
008 070710
020 |a 0416148727 
090 0 0 |a JF   |b ENG 
100 0 |a Herge 
245 1 0 |a The adventures of Tintin :   |b Volume 2   |c Herge 
260 |a London :   |b Egmont ,   |c 1992 
500 |a Children ages 10-12 years old (pink) 
650 0 |a Adventure 
650 0 |a Junior fiction   |x English   |x Languages 
710 0 |a Title 
999 |a 0000967267   |b Book   |c Children Collection   |e Perbadanan Perpustakaan Awam Johor 
999 |a 0000967268   |b Book   |c Children Collection   |e Cawangan Bandar Tenggara 
999 |a 0000967269   |b Book   |c Children Collection   |e Cawangan Batu Pahat